000 00378 a2200169 4500
001 49931
020 _a8532211194
040 _cAnchieta - Bela Vista
100 _aGomes, Álvaro Cardoso
240 1 0 _aO dia em que o sol sumiu
_lpor
245 1 0 _aO dia em que o sol sumiu
300 _a40
362 0 _a1998
440 1 _aFTD
650 4 _aLiteratura juvenil
942 _cBK
999 _c49931
_d49931